Statistics for Broadway Trivia

Click here to take the quiz!

General Stats

  • This quiz has been taken 36 times
  • The average score is 13 of 21

Answer Stats

QuestionAnswer% Correct
What is Angelica Schuyler's youngest sister's name in Hamilton?Peggy
94%
In what year does Come From Away take place?2001
88%
In what country does Evita take place?Argentina
88%
Which pop star made her Broadway debut in 13: The Musical?Ariana Grande
88%
Where does Jack Kelly dream about escaping to in Newsies?Santa Fe
88%
How many times has Anything Goes been revived on Broadway?2
84%
How many Tony awards has Audra McDonald won?6
78%
What Broadway theater currently houses Wicked?Gershwin
66%
What is Marian Paroo's job in The Music Man?librarian
66%
What musical features a mother living vicariously through her children in the vaudeville circuit?Gypsy
63%
What type of ice ream does Georg bring Amalia in She Loves Me?vanilla
59%
What show beat Wicked for the Tony for Best Musical in 2004?Avenue Q
56%
How many veterans play in the Donny Nova Band in Bandstand?6
53%
What is it called when Broadway producers hire famous performers to temporarily star in their show in an attempt to bring in more money?stunt casting
47%
Adelaide and her Hot Box Girls sing about loving you how much?a bushel and a peck
44%
In what show did Laura Osnes make her Broadway debut?Grease
44%
Which actress famously won a Tony award after being cast as an understudy and ultimately replacing the lead?Sutton Foster
44%
What musical won Stephen Sondheim his first Tony award?Company
38%
Where does Evan Hansen pretend he and Connor Murphy used to go together?apple orchard
34%
What song was added to Beauty and the Beast 4 years into its Broadway run?A Change in Me
28%
What (unsatisfactory) color does Charlie use for his first attempt at making "kinky boots" for Lola?burgundy
16%

Score Distribution

Percentile by Number Answered

Percent of People with Each Score

Your Score History

You have not taken this quiz